fictional places in literature - Statistics

General Stats
  • This quiz has been taken 21 times
  • The average score is 6 of 16
Answer Stats
location type of work year(s) title % Correct
Lilliput novel 1726 Gulliver's Travels - Jonathan Swift
94%
Derry, Maine various works 1980s-present works of Stephen King
72%
Middlemarch novel 1872 Middlemarch - George Eliot
61%
Avonlea, Prince Edward Island novel 1908 Anne of Green Gables - Lucy Maud Montgomery
50%
Airstrip One, Oceania novel 1949 Nineteen Eighty-Four - George Orwell
44%
Casterbridge novel 1886 The Mayor of Casterbridge - Thomas Hardy
39%
Maycomb, Alabama novel 1960 To Kill a Mockingbird - Harper Lee
39%
Arkham, Massachusetts various works 1920s-1930s works of H. P. Lovecraft
39%
Xanadu poem 1797 Kubla Khan - Samuel Taylor Coleridge
28%
Christminster, North Wessex novel 1895 Jude the Obscure - Thomas Hardy
22%
Grover's Corners, New Hampshire play 1938 Our Town - Thornton Wilder
22%
Yoknapatawpha County various works 1920s-1950s works of William Faulkner
22%
Ramsdale, New England novel 1955 Lolita - Vladimir Nabokov
6%
Macondo novel 1967 One Hundred Years of Solitude - Gabriel Garcia Marquez
6%
Omelas short story 1973 The Ones who Walk Away from Omelas - Ursula K. LeGuin
6%
Ilium, New York various works 1950s-1970s works of Kurt Vonnegut
6%
No matching quizzes found
Score Distribution
Percent of People with Each Score
Percentile by Number Answered
Your Score History
You have not taken this quiz